Business process benchmarking : finding and implementing best practices

Αποθηκεύτηκε σε:
Λεπτομέρειες βιβλιογραφικής εγγραφής
Κύριος συγγραφέας: Camp, Robert C. 1935-
Μορφή: Βιβλίο
Γλώσσα:English
Δημοσίευση: Milwaukee, Wisconsin : ASQC Quality Press, c1995
Θέματα:
Ετικέτες: Προσθήκη ετικέτας
Δεν υπάρχουν, Καταχωρήστε ετικέτα πρώτοι!

MARC

LEADER 00000nam a2200000 i 4500
001 1/1758
008 000418s1995 eng d
020 |a 0-87389-296-8 
035 |l 10060144 
040 |a GR-MY-UA  |b    |e aacr 
041 0 |a eng 
082 0 |a 658.562 
100 1 |a Camp, Robert C.  |d 1935- 
245 1 0 |a Business process benchmarking :  |b finding and implementing best practices /  |c Robert C. Camp 
260 |a Milwaukee, Wisconsin :   |b ASQC Quality Press,   |c c1995 
300 |a xxi, 464 σ. 
504 |a Περιλαμβάνει βιβλιογραφία και ευρετήριο 
650 0 0 |a Benchmarking (Management) 
852 |a INST  |b CHIOS  |e 20000418  |h 658.562 CAM  |p 005200011742  |q 005200011742  |t BK  |y 0 
901 |a BIBL2-2000-2 
909 |a Χ  |b 076073 
922 |a 2ΕΛΗ  |b 199512  |c ΛΙΤΙΝΑΣ 
950 |a 034/1995-10-24 
970 |a ΣΑΛΑΜΟΥΡΑ  |b ΜΑΡΙΑ  |z 2000/05/08